000 01248nam a2200373 c 4500
001 58295
003 CO-BoRNBP
005 20250821143922.0
007 ta
008 160801s2009 ck er 000 fdspa d
020 _a9789580438656
040 _aCO-BoRNBP
_bspa
_erda
_cCO-BoRNBP
041 0 _aspa
043 _as-ck---
084 _aN
100 _aMutis, Álvaro
_eaut
245 1 3 _aLa nieve del almirante /
_cÁlvaro Mutis.
250 _aPrimera edición
264 1 _aBogotá, Colombia :
_bGrupo Editorial Norma,
_c2009
300 _a156 páginas
336 _atexto
_btxt
_2rdacontent
337 _asin mediación
_bn
_2rdamedia
338 _avolumen
_bnc
_2rdacarrier
490 0 _aLa pequeña biblioteca
500 _aIncluye datos biográficos del autor
505 0 _tEl diario de Gaviero
_tOtras noticias sobre Maqroll el Gaviero
_tCocora
_tEl cañón del aracuriare
_tLa visita del gaviero
521 1 _aRecomendado para un público mayor de 15 años
586 _aPremio Cervantes, año 2001
650 0 7 _aMarinos en la literatura
_2lemb
_962852
650 0 7 _aSoledad en la literatura
_2lemb
_9420
650 0 4 _aNovela colombiana
_ySiglo XX
_2LEMB
_9426
650 0 4 _aLiteratura colombiana
_2LEMB
_91068
942 _2loc
_cBKLIT
999 _c58295
_d58295